|
|
|
|
| LEADER |
00000cam a2200000 4500 |
| 001 |
vtls012256025 |
| 003 |
SK-MaSNL |
| 005 |
20260311125455.0 |
| 008 |
240513s2023 xr ha acn 001 0dcze |
| 020 |
|
|
|a 9788071012221
|q (viazané)
|
| 040 |
|
|
|a SNK
|b slo
|c SNK
|e rda
|
| 041 |
0 |
|
|a cze
|b eng
|
| 043 |
|
|
|a e-cs---
|
| 044 |
|
|
|a xr
|c CZ
|
| 072 |
|
7 |
|a 7.01/.09
|x Umenie
|2 konspekt
|
| 080 |
|
|
|a 7.05
|2 2011
|
| 080 |
|
|
|a 688.7
|2 2011
|
| 080 |
|
|
|a 766:655.26
|2 2011
|
| 080 |
|
|
|a (083.824)
|2 2011
|
| 080 |
|
|
|a (437)
|2 2011
|
| 245 |
0 |
0 |
|a Dětem na míru
|b autorská tvorba pro děti v socialistickém Československu
|c Lucie Skřivánková (ed.)
|
| 246 |
3 |
0 |
|a Autorská tvorba pro děti v socialistickém Československu
|
| 264 |
|
1 |
|a V Praze
|b Uměleckoprůmyslové museum
|c 2023
|
| 300 |
|
|
|a 334 strán
|b faksimile, ilustrácie
|c 22 cm
|
| 336 |
|
|
|a text
|b txt
|2 rdacontent
|
| 336 |
|
|
|a statický obraz
|b sti
|2 rdacontent
|
| 337 |
|
|
|a bez média
|b n
|2 rdamedia
|
| 338 |
|
|
|a zväzok
|b nc
|2 rdacarrier
|
| 500 |
|
|
|a Publikácie sprevádza výstavu Deťom na mieru
|
| 504 |
|
|
|a Obsahuje výberovú bibliografiu, bibliografické odkazy a menný register
|
| 546 |
|
|
|a Anglické resumé
|
| 650 |
0 |
7 |
|a dizajn
|2 SNKPH
|9 762
|
| 650 |
0 |
7 |
|a hračky
|2 SNKPH
|9 25248
|
| 650 |
0 |
7 |
|a knižná grafika
|2 SNKPH
|9 2745
|
| 650 |
0 |
7 |
|a Design
|2 SNKPHeng
|9 267116
|
| 650 |
0 |
7 |
|a Toys
|2 SNKPHeng
|9 322648
|
| 650 |
0 |
7 |
|a Book design
|2 SNKPHeng
|9 402512
|
| 651 |
|
7 |
|a Československo
|2 SNKPHgeo
|9 21376
|
| 651 |
|
7 |
|a Czechoslovakia
|2 SNKPHeng
|9 265183
|
| 655 |
|
7 |
|a katalógy výstav
|2 SNKPH
|9 70445
|
| 655 |
|
7 |
|a Exhibition catalogs
|2 SNKPHeng
|9 266232
|
| 700 |
1 |
|
|a Skřivánková, Lucie,
|d 1982-
|4 edt
|9 446612
|
| 710 |
2 |
|
|a Uměleckoprůmyslové museum (Praha, Česko)
|4 orm
|4 pbl
|9 78637
|
| 710 |
2 |
|
|a Slovenské národné múzeum
|9 32460
|
| 852 |
|
|
|a Slovenská národná knižnica
|
| 919 |
|
|
|a 978-80-7101-222-1
|
| 958 |
|
|
|a ZS
|
| 958 |
|
|
|a NB
|
| 999 |
|
|
|c 701656
|d 703586
|
| 952 |
|
|
|a SNK
|b SNK
|y NEVYP
|7 1
|p 17A1577826
|o snkSC 212844
|i snk2025/19432
|8 4
|g 47.76
|0 0
|1 0
|4 0
|d 2024-11-04
|l 0
|r 2026-02-23 21:01:22
|w 2026-02-23
|